Loading...
Rithusangamam
| Main Author: | |
|---|---|
| Format: | Printed Book |
| Published: |
Kottayam, NBS
1989
|
| LEADER | 003710000a22001210004500 | ||
|---|---|---|---|
| 040 | |a MAL | ||
| 082 | |a A3 VIV/R M9 | ||
| 100 | |a Vivekanandan, G | ||
| 245 | |a Rithusangamam | ||
| 260 | |a Kottayam, NBS | ||
| 260 | |c 1989 | ||
| 999 | |c 25411 |d 25411 | ||
| 952 | |0 0 |1 0 |4 0 |6 A_000000000000000_3_VIVR_M9 |7 0 |8 MAL |9 25241 |a MGUL |b MGUL |d 2013-07-16 |l 1 |o A3 VIV/R M9 |p 14122 |r 2019-03-26 |s 2014-05-17 |w 2013-07-16 |y BK | ||